Исследование влияния электронно-лучевой обработки порошка СВМПЭ на механические и триботехнические свойства при малых дозах облучения; Новые материалы. Создание, структура, свойства - 2013

Bibliographic Details
Parent link:Новые материалы. Создание, структура, свойства - 2013.— 2013.— [С. 44-47]
Main Author: Бондаренко Я. А.
Corporate Author: Национальный исследовательский Томский политехнический университет (ТПУ) Институт физики высоких технологий (ИФВТ) Кафедра материаловедения в машиностроении (ММС)
Other Authors: Панин С. В. Сергей Викторович
Summary:Заглавие с экрана
Language:Russian
Published: 2013
Series:Проблемы прочности современных конструкционных материалов
Subjects:
Online Access:http://www.lib.tpu.ru/fulltext/c/2013/C39/009.pdf
Format: MixedMaterials Electronic Book Chapter
KOHA link:https://koha.lib.tpu.ru/cgi-bin/koha/opac-detail.pl?biblionumber=603467

MARC

LEADER 00000naa2a2200000 4500
001 603467
005 20260306141222.0
035 |a (RuTPU)RU\TPU\conf\651 
035 |a RU\TPU\conf\630 
090 |a 603467 
100 |a 20140117d2013 k y0rusy50 ca 
101 0 |a rus 
102 |a RU 
135 |a drcn ---uucaa 
181 0 |a i  
182 0 |a b 
200 1 |a Исследование влияния электронно-лучевой обработки порошка СВМПЭ на механические и триботехнические свойства при малых дозах облучения  |f Я. А. Бондаренко, С. В. Панин 
203 |a Текст  |c электронный 
215 |a 1 файл(632 Kb) 
225 1 |a Проблемы прочности современных конструкционных материалов 
300 |a Заглавие с экрана 
320 |a [Библиогр.: с. 47 (3 назв.)] 
337 |a Adobe Reader 
463 1 |0 (RuTPU)RU\TPU\conf\36  |t Новые материалы. Создание, структура, свойства - 2013  |o XIII Всероссийская школа-семинар с международным участием, г. Томск, 9-13 сентября 2013 г.  |f Национальный исследовательский Томский политехнический университет (ТПУ)  |o сборник трудов  |v [С. 44-47]  |d 2013 
610 1 |a электронный ресурс 
610 1 |a труды учёных ТПУ 
700 1 |a Бондаренко  |b Я. А. 
701 1 |a Панин  |b С. В.  |c специалист в области материаловедения  |c профессор Томского политехнического университета, доктор технических наук  |f 1971-  |g Сергей Викторович  |3 (RuTPU)RU\TPU\pers\26548  |9 12237 
712 0 2 |a Национальный исследовательский Томский политехнический университет (ТПУ)  |b Институт физики высоких технологий (ИФВТ)  |b Кафедра материаловедения в машиностроении (ММС)  |3 (RuTPU)RU\TPU\col\18688 
801 1 |a RU  |b 63413507  |c 20101016 
801 2 |a RU  |b 63413507  |c 20140415  |g RCR 
856 4 |u http://www.lib.tpu.ru/fulltext/c/2013/C39/009.pdf 
942 |c BK